000 01751cam a22005054i 4500
003 PE-LiUPU
005 20250731165637.0
008 150616s r 000 0 d
020 _a0804231192
035 _a(Sirsi) i9780804231190
040 _aPE-LiUPU
_bspa
_cPE-LiUPU
_erda
049 _aPRUA
082 0 4 _a225.077
_bI
_221
100 1 _aWillimon, William H.,
_eautor.
245 1 0 _aActs.
_n44 /
_cWilliam H. Willimon.
264 1 _aAtlanta :
_bJohn Knox Press,
_c1988.
300 _a197 páginas ;
_c23 centímetros
336 _atext
_2rdacontent
337 _aunmediated
_2rdamedia
338 _avolume
_2rdacarrier
490 0 _aInterpretation a Bible Commentary for Teaching and Preach
505 0 _aComentarios del libro de Los Hechos.
526 _aSEG44
526 _aSEG26
526 _aP151
526 _aP150
526 _aP149
526 _aP146
526 _aP145
526 _aP126
526 _aP125
526 _aP92
526 _aP75
526 _aP74
526 _aP27
526 _aP15
630 0 4 _aBiblia.
_pN.T.
_pHechos
_vComentarios.
910 _ajck
_bjvq
_cjck
942 _2ddc
_cBOOK
949 _aRC 225.077 I 44
_wDEWEY
_c1
_i40097
_d2016-1-29
_e2016-1-28
_lCCODEBUL1
_mBUL
_n1
_r0
_sY
_tBOOK
_u2015-6-16
_xTEOLOGIA
_zUNKNOWN
_0COMPRA
_o.CIRCNOTE. No olvidar cambiar la fecha de devolución!!!!!!!
_o.STAFF. Colección General
994 _aC0
_bPEPRU
596 _a1
999 _aRC 225.077 I 44
_wDEWEY
_c57884
_i40097
_d57884
_e2016-1-28
_f2021-11-8
_g6
_lCCODEBUL1
_mBUL
_n1
_r1
_sY
_tBOOK
_u2015-6-16
_xTEOLOGIA
_zUNKNOWN
_0COMPRA
_o.CIRCNOTE. No olvidar cambiar la fecha de devolución!!!!!!!
_o.STAFF. Colección General
980 _81
_gALBERTO SANCHEZ Responsable de Automatización